000 00892nam a2200325 a 4500
003 AR-BaBNM
005 20251128210112.0
008 082120s2002 ||||||||||||||000 | spa||
020 _a956-13-1232-0
040 _cAR-BaBNM
100 1 _aPlaff, William
245 0 0 _aLa ira de las naciones
_bla civilización y las furias del nacionalismo
260 _aSantiago de Chile
_bEditorial Andrés Bello
_c1994
300 _a244 p.
504 _aBibliografía p. 223-230
650 4 _aSOCIOLOGIA CULTURAL
650 4 _aAUTORITARISMO
650 4 _aHISTORIA DE LAS IDEAS
650 4 _aHISTORIA CULTURAL
650 4 _aHISTORIA SOCIAL
650 4 _aIDEOLOGIAS
650 4 _aIDENTIDAD NACIONAL
650 4 _aSOCIOLOGIA POLITICA
650 4 _aBURGUESIA
650 4 _aNACIONALISMO
651 4 _aEuropa
700 1 _aGardini, Carlos
_etraductor
942 _cBK
998 _cMariana
999 _c14052
_d14052